| 000 | 00446nam a2200169 a 4500 | ||
|---|---|---|---|
| 005 | 20140310183533.0 | ||
| 008 | 110822s19uu xx 00 eng d | ||
| 020 | _a9781424059676 | ||
| 050 |
_aHD 6475 _b.G562 2010 |
||
| 245 |
_aGlobal economic crisis : _bimpact on finance / |
||
| 260 |
_aCanada : _bCengage learning, _c2010. |
||
| 300 |
_a33 p. : _c25 cm. |
||
| 521 | _aBSBA | ||
| 650 | _aFinance | ||
| 942 |
_cBK _2lcc _kFOR |
||
| 999 |
_c24669 _d24669 |
||